000 00335nam a2200145Ia 4500
008 191201s2014 xx 000 0 und d
082 _a005.133
_bSEP
100 _aSethi, Ravi
245 0 _aProgramming Languages
250 _aIMP
260 _aN.Delhi
_bpearson
_c2014
300 _a481
650 _aB.Tech(CSE)
942 _2ddc
_cBK
_01
999 _c6007
_d6007